Beacon Bible Commentary, Volume 7 : (Record no. 11163)

MARC details
000 -LEADER
fixed length control field 00471nam a22001697a 4500
003 - CONTROL NUMBER IDENTIFIER
control field GBCCL
005 - DATE AND TIME OF LATEST TRANSACTION
control field 20260305144802.0
008 - FIXED-LENGTH DATA ELEMENTS--GENERAL INFORMATION
fixed length control field 260305b |||||||| |||| 00| 0 eng d
040 ## - CATALOGING SOURCE
Transcribing agency GBC
082 ## - DEWEY DECIMAL CLASSIFICATION NUMBER
Classification number 220.7
Item number BEA 1
245 ## - TITLE STATEMENT
Title Beacon Bible Commentary, Volume 7 :
Remainder of title John Through Acts
260 ## - PUBLICATION, DISTRIBUTION, ETC.
Place of publication, distribution, etc. Beacon Hill Press,
Name of publisher, distributor, etc. Kansas City, Mo.,
Date of publication, distribution, etc. 1970
300 ## - PHYSICAL DESCRIPTION
Extent 603p. ;
490 ## - SERIES STATEMENT
Series statement Beacon Bible commentary
Volume/sequential designation 7
650 ## - SUBJECT ADDED ENTRY--TOPICAL TERM
Topical term or geographic name entry element Bible
Form subdivision Commentaries
942 ## - ADDED ENTRY ELEMENTS (KOHA)
Source of classification or shelving scheme Dewey Decimal Classification
Koha item type Reference Books
Suppress in OPAC No
Holdings
Withdrawn status Lost status Source of classification or shelving scheme Damaged status Not for loan Home library Current Library Shelving location Date acquired Total checkouts Full call number Barcode Date last seen Copy number Price effective from Koha item type
    Dewey Decimal Classification     GRACE BIBLE COLLEGE GRACE BIBLE COLLEGE Commentary 2026-03-05   220.7 BEA 017457 2026-03-05 v.7 2026-03-05 Reference Books
© Grace Bible College Library 2025